000 00301nam a22001337a 4500
008 171101b xxu||||| |||| 00| 0 eng d
020 _a0786311258
041 _aeng
080 _22ND
_a33
100 _a59
101 _aBUS
245 _aRIDING THE WAVES OF CULTURE
_cTROMPENAARS,F
942 _2udc
_cBK
999 _c36976
_d36976